|
|
|
|
| LEADER |
00920nam a2200265Ia 4500 |
| 001 |
3744 |
| 003 |
BD-DhAAL |
| 005 |
20150910095653.0 |
| 008 |
150910s1994 enka b 001 0 eng d |
| 010 |
|
|
|a gb 94019277
|
| 020 |
|
|
|a 0340692766
|
| 020 |
|
|
|a 0340575875 (pbk) :
|
| 040 |
|
|
|a UKM
|c UKM
|d AZS
|d EQF
|d OrLoB
|d BD-DhAAL
|
| 082 |
0 |
4 |
|a 628.1
|2 20
|
| 245 |
0 |
0 |
|a Water supply /
|c A.C. Twort ... [et al.]
|
| 250 |
|
|
|a 4th ed.
|
| 260 |
|
|
|a London :
|b Edward Arnold,
|c 1994.
|
| 300 |
|
|
|a vi, 511 p. :
|b ill. ;
|c 25 cm.
|
| 504 |
|
|
|a Includes bibliographical references and index.
|
| 541 |
|
|
|e 3744
|
| 650 |
|
0 |
|a Water-supply engineering.
|9 14537
|
| 700 |
1 |
|
|a Twort, A. C.
|q (Alan Charles),
|d 1920-
|9 14538
|
| 942 |
|
|
|2 ddc
|c BK
|
| 999 |
|
|
|c 35492
|d 35492
|
| 952 |
|
|
|0 0
|1 0
|2 ddc
|4 0
|6 628_100000000000000_WAT
|7 0
|9 55821
|a SCL
|b SCL
|c GEN
|d 2015-09-10
|e Gift: The Asia Foundation
|l 1
|o 628.1 WAT
|p 3020003744
|r 2025-03-17
|s 2025-03-16
|t 1
|w 2015-09-10
|y BK
|